1402 1022 1345 1009 1658 1069 1241 1688 1413 1965 1940 1702 1734 1562 1863 1650 1786 1291 1967 1936 1246 1731 1111 1873 1708 1406 1663 1872 1593 1833 1433 1720 1154 1349 1311 1746 1291 1045 1895 1927 1755 1249 1439 1814 1555 1487 1128 1207 1218 1404 1843 1087 1625 1537 1050 1120 1796 1223 1492 1267 1684 1035 1962 1095 1800 1709 1648 1777 1929 1791 1777 1785 1281 1808 1045 1821 1829 1542 1098 1971 1135 1542 1476 1055 1633 1384 1758 1983 1177 1813 1865 1952 1489 1484 1130 1486 1133 1048 1347 BCNSPRNW ULIB Ver.6.0+V

เปลี่ยนเป็นภาษาไทย

Change to English
 แสดงรายละเอียดบรรณานุกรม
  กลับหน้าหลัก

Brief Record : Get Marc (ISO 2709) : E-mail record : QR code < ปิดหน้าต่าง
LEADER : 00000nam 2200000uu 4500
001    13399120435
003     ULIB
008    120920s2542||||th 000 0 tha d
020    ^a9746761757
060 04 ^aWB100^bอ585 2542
245 00 ^aอาการวิทยาทางอายุรศาสตร์ =^bSymptomatology in generalmedicine /^cบรรณาธิการ, กาญจนา จันทร์สูง, สุทธิพันธ์ จิตพิมลมาศ, วัชรา บุญสวัสดิ์
246 31 ^aSymptomatology in general medicine
250    ^aฉบับเรียบเรียงครั้งที่ 2
260    ^aขอนแก่น :^bคณะแพทยศาสตร์ มหาวิทยาลัยขอนแก่น,^c2542
300    ^a402 หน้า :^bภาพประกอบ
504    ^aบรรณานุกรม
650  7 ^aอายุรศาสตร์^vรวมเรื่อง
700 0  ^aกาญจนา จันทร์สูง,^eบรรณาธิการ
700 0  ^aสุทธิพันธ์ จิตพิมลมาศ,^eบรรณาธิการ
700 0  ^aวัชรา บุญสวัสดิ์,^eบรรณาธิการ
710 2  ^aมหาวิทยาลัยขอนแก่น. ^bคณะแพทยศาสตร์
945    ^p0^l0^i17032
995    ^aกัณชพร
999 ^a ใช้งานได้ทุกระบบ
รายการนี้ยังไม่มีแท็ก
คุณยังไม่ได้ล็อกอิน คุณสามารถมีกิจกรรมร่วมกับเว็บไซต์ได้ แต่ต้องล็อกอินก่อน ::
  ล็อกอิน

รายการสื่อสารสนเทศ

ลำดับที่ ประเภท เลขเรียก/บาร์โค้ด สถานที่ สถานะ
- ไม่พบข้อมูล -

BibComment


ยังไม่เคยถูกคอมเมนท์

คอมเมนท์ทรัพยากรรายการนี้
  คอมเมนท์: อาการวิทยาทางอาย..


 Copyright 2026. Bcnsprnw @Library